000 00448nam a22001697a 4500
005 20251108170912.0
008 250721s9999 xx 000 0 ara d
082 1 4 _aط/641.1/ناي
100 1 _aسعاد، نايف
245 1 0 _aغذاؤنا /
264 1 _aبيروت :
_bدار الفتى العربي،
_c[19-].
300 _a77ص : مص
650 1 7 _aالغذاء
700 1 _aحمزة، معين
942 _2ddc
_cBK
999 _c51712
_d51712